Pensions at a glance 2015 OECD and G20 indicators

Guardado en:
Detalles Bibliográficos
Formato: Libro
Lenguaje:inglés
Publicado: Paris OECD 2015
Colección:OECD pensions at a glance
Materias:
Etiquetas: Agregar Etiqueta
Sin Etiquetas, Sea el primero en etiquetar este registro!

MARC

LEADER 00000nam a2200000 4500
001 0214373
005 20240314123404.9
020 |a 978-92-64-24063-6 
041 0 |a eng 
044 |a FR 
245 1 0 |a Pensions at a glance 2015  |b OECD and G20 indicators 
264 1 |a Paris  |b OECD  |c 2015 
300 |a 374 s. 
490 1 |a OECD pensions at a glance 
830 0 |a OECD pensions at a glance 
610 2 0 |a penzie 
610 2 0 |a dôchodky 
610 2 0 |a politika dôchodková 
610 2 0 |a reformy dôchodkové 
610 2 0 |a stabilita finančná 
610 2 0 |a systémy dôchodkové 
610 2 0 |a demografia 
610 2 0 |a výdavky 
610 2 0 |a fondy penzijné 
610 2 0 |a porovnanie štatistické medzinárodné